| 000 | 01070nam a2200241 a 4500 | ||
|---|---|---|---|
| 001 | 000046872 | ||
| 005 | 20201002053156.0 | ||
| 008 | 180404s2016 dr 000 0 spa d | ||
| 020 | _a9789945899191 | ||
| 040 |
_aDO-SdBNP _bspa _cBNPHU |
||
| 082 |
_axxxx _bR696a |
||
| 100 | 1 |
_aRodríguez, Aralís, _d1966- _974820 |
|
| 245 | 1 | 0 |
_aDe Anacaona a Jacques Viau Renaud : _binvasiones y resistencia en la literatura dominicana / _cAralís Rodríguez. |
| 260 |
_aSanto Domingo : _bMinisterio de Cultura, _c2016. |
||
| 300 |
_a334 p. ; _c23 cm. |
||
| 490 | 1 | _aPensamiento dominicano Julio Postigo in memoriam | |
| 500 | _aBasado en la tesis sometida a la Universidad de Birmingham, Reino Unido, para optar al título de Doctora en Filosofía (PhD), Julio 2015. | ||
| 500 | _aIncluye datos biográficos de la autora en la solapa de la cubierta | ||
| 500 | _aIncluye referencias bibliográficas y notas al pie de las páginas | ||
| 504 | _aBibliografía : p. 315-334 | ||
| 590 | _aInventariado, 2018/LP | ||
| 830 | 0 |
_aPensamiento dominicano Julio Postigo in memoriam _974821 |
|
| 999 |
_c46361 _d46361 |
||